Elementary Dirichlet series and modular forms
Spremljeno u:
| Glavni autor: | |
|---|---|
| Format: | Knjiga |
| Jezik: | engleski |
| Izdano: |
Nueva York
Springer
2007
|
| Serija: | Springer Monographs in Mathematics
|
| Teme: | |
| Oznake: |
Dodaj oznaku
Bez oznaka, Budi prvi tko označuje ovaj zapis!
|
MARC
| LEADER | 00000cam a2200000 a 4500 | ||
|---|---|---|---|
| 001 | UCF8255 | ||
| 003 | CL-VaPUC | ||
| 008 | 130808e20070000us |||||||||||||||||eng|d | ||
| 020 | |a 9780387724737 | ||
| 082 | 0 | 4 | |a 515.243 |b SHI |2 21 |
| 100 | 0 | |a Shimura, Goro |e author |9 570364 | |
| 245 | 1 | 0 | |a Elementary Dirichlet series and modular forms |
| 300 | |a 147 p | ||
| 942 | |c BK | ||
| 945 | |d 20130808 11:32:00 |a cmena | ||
| 260 | |a Nueva York |b Springer |c 2007 | ||
| 650 | 0 | |a Formas modulares |9 425001 | |
| 650 | 7 | |a SERIES DE TIEMPO |2 CL-VaPUC |9 424864 | |
| 650 | 0 | |a Series de Fourier |9 260465 | |
| 650 | 7 | |a SERIES DE DIRICHLET |2 CL-VaPUC |9 425532 | |
| 583 | |a last modification |c 20130808 11:32:00 |k Rodrigo Vera | ||
| 490 | 0 | |a Springer Monographs in Mathematics | |
| 999 | |c 352877 |d 352875 | ||
| 952 | |0 0 |1 0 |4 0 |6 515_243000000000000_SHI_2007 |7 0 |8 A |9 457612 |a BIBMAT |b BIBMAT |d 2019-11-22 |i 4992830 |o 515.243 SHI 2007 |p 4992830 |r 2025-01-07 |w 2019-11-22 |y BK |k MAT | ||